00846nam a2200229Ii 45000010005000000030009000050080041000140200015000550400033000700410008001030820015001111100083001262450084002092640029002933000012003223360026003343370028003603380027003889400050004159990017004659520134004824712CO-ViMGA241108s9999||||xx |||||||||||||| ||und|| a9253023295 aCO-ViMGAbspaerdacCO-ViMGA0 aspa04a633.18 O731 aOrganización de las Naciones Unidas para la Agricultura y la Alimentación,10aArroz :bAlgunos aspectos de las políticas de producción, comercio y precio 1aRoma, Italia : FAO, 1986 avolumen atextbtxt2rdacontent aunmediatedbn2rdamedia avolumebnc2rdacarrier aidficha_siabuc: 4593. -- ficha_no_siabuc:4712 c49706d49706 001040708001aMEVIGERRbMEVIGERRcGENd2006-11-27o633.18 O73pECA3657r2024-11-26 10:01:18tEj.1w2024-11-26yBKz4593 | 6646